Surely you're joking Mr. Feynman (Record no. 9039)

MARC details
000 -LEADER
fixed length control field 00607nam a2200193Ia 4500
003 - CONTROL NUMBER IDENTIFIER
control field IN-BaIIA
008 - FIXED-LENGTH DATA ELEMENTS--GENERAL INFORMATION
fixed length control field 211028s9999 xx 000 0 eng d
020 ## - INTERNATIONAL STANDARD BOOK NUMBER
International Standard Book Number 0-393-01921-7
040 ## - CATALOGING SOURCE
Transcribing agency IIA Library
080 ## - UNIVERSAL DECIMAL CLASSIFICATION NUMBER
Universal Decimal Classification number 92:53
Item number FEY
100 ## - MAIN ENTRY--PERSONAL NAME
Personal name Feynman, Richard P
245 #0 - TITLE STATEMENT
Title Surely you're joking Mr. Feynman
Remainder of title adventures of a curious character
Statement of responsibility, etc. Richard P Feynman
260 ## - PUBLICATION, DISTRIBUTION, ETC.
Place of publication, distribution, etc. New York
Name of publisher, distributor, etc. W. W Norton
Date of publication, distribution, etc. 1985
300 ## - PHYSICAL DESCRIPTION
Extent 350p.
650 ## - SUBJECT ADDED ENTRY--TOPICAL TERM
Topical term or geographic name entry element Biography - Richard Feynman
9 (RLIN) 15196
650 ## - SUBJECT ADDED ENTRY--TOPICAL TERM
Topical term or geographic name entry element NASA thesaurus
650 ## - SUBJECT ADDED ENTRY--TOPICAL TERM
Topical term or geographic name entry element Richard Feynman Biography
9 (RLIN) 15197
942 ## - ADDED ENTRY ELEMENTS (KOHA)
Koha item type Books
Holdings
Withdrawn status Lost status Damaged status Not for loan Home library Current library Shelving location Date acquired Total Checkouts Full call number Barcode Date last seen Price effective from Koha item type
        IIA Library-Bangalore IIA Library-Bangalore General Stacks 04/06/1987   92:53/ FEY 9935 05/11/2021 04/06/1987 Books

Powered by Koha